00847 2200265 4500001002100000005001700021008004100038020001800079035002500097040001200122082001600134084001800150100003300168245019900201250001100400260003300411300002200444504002700466650001000493700001200503850001200515990001800527990001800545990001800563INLIS00000000001145020150907105025.0  a979-963-340-0 a0010-081500000002888 aYOPDYOG 223a297.216 a297.216 Rac P aRACHMAT Ramadhana Al-Banjari aPsikologi Iblisb: (Menyikap misteri asal-usul, Karakteristik, pintu-pintu masuk, penempakan dan penjelmaan iblis dan strategi melumpuhkannyac/ Rachmat Ramadhana Al-Banjari; Penyunting, Ferinda aCet. 3 aYogyakartabDiva Pressc2011 a333 hlmc; 21 cm. aBibliografi : hlm. 333 aIblis aFERINDA aYOPDYOG a49259-PD/A.15 a49259-PD/A.15 a49260-PD/A.15